00355nam a2200133Ia 450000500170000000800410001702000210005804100080007908200270008710000190011424500430013326000370017630000080021320250804150853.0230411s9999 xx 000 0 und d a978-93-85999-963 aeng aCH/610.7365/SRE/B02591 aSuryakantha AH aCommunity medicine with recent advance bJaypee BrothersaNew Delhic2017 a491